000 00723nam a2200205Ii 4500
003 JO-AjNU
008 230605s9999||||xx |||||||||||||| ||und||
040 _aJO-AjNU
_bara
_erda
_cJO-AjNU
041 _aara
050 1 4 _aB741.F3784 1980
100 3 _aتاليف فرووخ، عمر 1906-1987,
_eauthor
_959410
245 0 0 _aعبقرية العرب في العلم والفلسفة
250 _aط4
264 3 1 _aبيروت: المكتبة العصرية، 1980
300 _a230ص
_bيشتمل على كشاف 220-230ص
336 _atext
_btxt
_2rdacontent
337 _aunmediated
_bn
_2rdamedia
338 _avolume
_bnc
_2rdacarrier
650 4 _aالعلوم عند العرب-الفلسفة العربية
_959411
999 _aA26733
_c30301
_d30301